000 00720nam a2200205Ii 4500
003 JO-AjNU
008 230605s9999||||xx |||||||||||||| ||und||
040 _aJO-AjNU
_bara
_erda
_cJO-AjNU
041 _aara
050 1 4 _aGV885.M876 1998
100 3 _aاعداد زيدان، مصطفى محمد,
_eauthor
_919832
245 0 0 _aكرة السلة: مهارتها وفنونها والتدريب عليها
250 _aط1
264 3 1 _aمكة المكرمة: مكتبة الطالب الجامعي، 1998
300 _a243ص
_bصور توضيحية
336 _atext
_btxt
_2rdacontent
337 _aunmediated
_bn
_2rdamedia
338 _avolume
_bnc
_2rdacarrier
650 4 _aكرة السلة - رياضة
_919833
999 _aA6614
_c10182
_d10182